British governance in transition: a case study of the Northern Ireland civil service (Record no. 53359)

000 -LEADER
fixed length control field 01613pab a2200157 454500
008 - FIXED-LENGTH DATA ELEMENTS--GENERAL INFORMATION
fixed length control field 180718b2002 xxu||||| |||| 00| 0 eng d
100 ## - MAIN ENTRY--PERSONAL NAME
Personal name Carmichael, Paul
245 ## - TITLE STATEMENT
Title British governance in transition: a case study of the Northern Ireland civil service
260 ## - PUBLICATION, DISTRIBUTION, ETC.
Date of publication, distribution, etc. 2002
300 ## - PHYSICAL DESCRIPTION
Extent p.975-1005.
520 ## - SUMMARY, ETC.
Summary, etc. In comparisons of the internal governmental arrangements within states, the United Kingdom (UK) is ordinarily categorised as a unitary state conforming to the `Westminster model'. However, this article contends that the changing nature of British governance over the last two decades means that the UK is better viewed as a `union state' that conforms more readily to a `differentiated polity model'. Nowhere is the reality of differentiation more clearly exemplified than in respect of the British civil service. To illustrate the extent of differentiation, the article presents a case study of the charactgeristics and trends in the civil service of Northern Ireland for, while the politics of the Province have received great attention, its system of public administration has been chronically under-reported. The article considers the changing structures, policy process and impact of public management reforms as well as the restoration of devolved government. Finally,it summarises how the evidence from Northern Ireland informs theoretical understanding as well as its implications for the rest of the UK and beyond. - Reproduced.
650 ## - SUBJECT ADDED ENTRY--TOPICAL TERM
Topical term or geographic name entry element Civil service - Northern Ireland
650 ## - SUBJECT ADDED ENTRY--TOPICAL TERM
Topical term or geographic name entry element Civil service
773 ## - HOST ITEM ENTRY
Main entry heading International Journal of Public Administration
909 ## -
-- 53359
Holdings
Withdrawn status Lost status Damaged status Not for loan Permanent Location Current Location Date acquired Serial Enumeration / chronology Barcode Date last seen Price effective from Koha item type
        Indian Institute of Public Administration Indian Institute of Public Administration 2018-07-19 Volume no: 25, Issue no: 8 AR53796 2018-07-19 2018-07-19 Articles

Powered by Koha